书目信息 |
| 题名: |
细胞生物学实验:蛋白质
|
|
| 作者: | 科雷泽 | |
| 分册: | ||
| 出版信息: | 北京 科学出版社 2011 |
|
| 页数: | 381 | |
| 开本: | 26 | |
| 丛书名: | ||
| 单 册: | ||
| 中图分类: | Q513.3 | |
| 科图分类: | ||
| 主题词: | ||
| 电子资源: | ||
| ISBN: | 978-7-03-030601-2 | |
| 000 | 00570nam0 2200169 450 | |
| 001 | 1740979510 | |
| 005 | 20170504173004.17 | |
| 010 | @a978-7-03-030601-2@dCNY108 | |
| 100 | @a20170504d km y0chiy0120 ea | |
| 101 | 0 | @achi |
| 200 | 1 | @a细胞生物学实验:蛋白质@Axi bao sheng wu xue shi yan:dan bai zhi@f(美)科雷泽(Kreitzer,G.)等@F(mei)ke lei ze(Kreitzer,G.)deng |
| 210 | @a北京@c科学出版社@d2011 | |
| 215 | @a381@d26 | |
| 690 | @aQ513.3@v4 | |
| 701 | 0 | @a科雷泽@Ake lei ze@bKreitzer,G. |
| 801 | 0 | @aCN@b大连网信软件有限公司图书馆·11@c20170504 |
| 905 | @b1050728@dQ513.3@e225@f3 | |
| 细胞生物学实验:蛋白质/(美)科雷泽(Kreitzer,G.)等.-北京:科学出版社,2011 |
| 381;26 |
| ISBN 978-7-03-030601-2:CNY108 |
| ● |
| 相关链接 |
|
|
|
|
正题名:细胞生物学实验:蛋白质
索取号:Q513.3/225
 
预约/预借
| 序号 | 登录号 | 条形码 | 馆藏地/架位号 | 状态 | 备注 |
| 1 | 1050728 | 210507281 | 第三借阅区/ [索取号:Q513.3/225] | 在馆 | |
| 2 | 1050729 | 210507290 | 第二样本阅览室/ [索取号:Q513.3/225] | 在馆 | |
| 3 | 1050730 | 210507307 | 第三借阅区/ [索取号:Q513.3/225] | 在馆 |